[Event "TUR-chT2"]
[Site "Konya"]
[Date "2011.07.07"]
[Round "5"]
[White "Toksoz, Levent"]
[Black "Abasov, Nijat Azad"]
[Result "0-1"]
[WhiteElo "1877"]
[BlackElo "2481"]
[PlyCount "56"]
[EventDate "2011.07.04"]
[EventType "team-swiss"]
[EventRounds "9"]
[EventCountry "TUR"]
[SourceTitle "CBM 143 Extra"]
[Source "ChessBase"]
[SourceDate "2011.08.29"]
[SourceVersion "1"]
[SourceVersionDate "2011.08.29"]
[SourceQuality "1"]
[WhiteTeam "Kahramanmaras Belediye"]
[BlackTeam "Adana Ceyhan Belediye"]
[WhiteTeamCountry "TUR"]
[BlackTeamCountry "TUR"]

1. e4 Nf6 2. e5 Nd5 3. c4 Nb6 4. d4 d6 5. exd6 exd6 6. h3 Be7 7. Nf3 0-0 8. Bd3 Nc6 9. 0-0 Bf6 10. Be3 Nb4 11. Nc3 Nxd3 12. Qxd3 Re8 13. Nd5 Nxd5 14. cxd5 b6 15. Nh2 Bb7 16. Qf5 g6 17. Qf3 Bg7 18. Rac1 f5 19. Rfd1 Qd7 20. Rc3 Qf7 21. Rdc1 Bxd5 22. Qd1 c5 23. Rd3 c4 24. Ra3 b5 25. b4 cxb3 26. axb3 a5 27. Rca1 a4 28. bxa4 b4 0-1

[Event "TUR-ch"]
[Site "Kemer"]
[Date "2011.02.12"]
[Round "9"]
[White "Arslan, Erdal"]
[Black "Toksoz, Levent"]
[Result "0-1"]
[WhiteElo "2090"]
[BlackElo "1890"]
[PlyCount "152"]
[EventDate "2011.02.05"]
[EventType "swiss"]
[EventRounds "10"]
[EventCountry "TUR"]
[SourceTitle "CBM 140 Extra"]
[Source "ChessBase"]
[SourceDate "2011.03.01"]
[SourceVersion "1"]
[SourceVersionDate "2011.03.01"]
[SourceQuality "1"]

1. d4 f5 2. Nf3 Nf6 3. Bf4 g6 4. e3 Bg7 5. Be2 0-0 6. 0-0 d6 7. c4 h6 8. d5 e5 9. dxe6 Bxe6 10. Nd4 Bf7 11. Nc3 Nbd7 12. Qc2 Ne5 13. b3 Nc6 14. Rad1 g5 15. Nxc6 bxc6 16. Bg3 Nh5 17. Bxh5 Bxh5 18. f3 Qf6 19. Be1 Rae8 20. Qc1 Qe5 21. Bd2 Bg6 22. Kh1 Qe7 23. Rfe1 g4 24. Ne2 gxf3 25. gxf3 Bh5 26. Rf1 Be5 27. Bc3 Kh7 28. Bxe5 dxe5 29. Ng3 Bg6 30. e4 f4 31. Ne2 Bf7 32. Qc3 Rg8 33. Rg1 Rxg1+ 34. Rxg1 Qc5 35. Nxf4 Rg8 36. Rxg8 Bxg8 37. Nh3 Be6 38. Ng1 Bf7 39. Kg2 Qe7 40. Qe3 c5 41. Ne2 Be6 42. Ng3 Qd7 43. Ne2 Bh3+ 44. Kf2 Qe7 45. f4 Bg4 46. Ng3 Qd6 47. fxe5 Qxe5 48. Nf1 h5 49. h3 Qf6+ 50. Kg2 Bd7 51. Qg3 h4 52. Qxc7 Qe6 53. Kf2 Qxh3 54. Qxc5 Qg4 55. Qc7 h3 56. Qe5 Qg2+ 57. Ke1 Bg4 58. Qe7+ Kg6 59. Qd6+ Kh7 60. Qc7+ Kg6 61. Qc6+ Kh7 62. Qb7+ Kg6 63. Qa6+ Kg5 64. Qa5+ Kg6 65. Qa6+ Kg5 66. c5 Qxe4+ 67. Kd2 Qd4+ 68. Qd3 Qf2+ 69. Kc3 Qxc5+ 70. Qc4 Qxc4+ 71. bxc4 Be2 72. Ng3 h2 73. c5 Bf3 74. c6 Bxc6 75. Kd2 Kh4 76. Nf5+ Kh3 0-1

[Event "World School-ch U17 6th"]
[Site "Kayseri"]
[Date "2010.07.26"]
[Round "6"]
[White "Tekeli, Taylan Can"]
[Black "Toksoz, Levent"]
[Result "1-0"]
[WhiteElo "1912"]
[BlackElo "1895"]
[PlyCount "81"]
[EventDate "2010.07.21"]
[EventType "swiss"]
[EventRounds "9"]
[EventCountry "TUR"]
[SourceTitle "CBM 137 Extra"]
[Source "ChessBase"]
[SourceDate "2010.09.01"]
[SourceVersion "1"]
[SourceVersionDate "2010.09.01"]
[SourceQuality "1"]

1. d4 f5 2. Nf3 Nf6 3. c4 g6 4. g3 Bg7 5. Bg2 0-0 6. Nc3 d6 7. 0-0 Nc6 8. Bf4 Nh5 9. d5 Ne5 10. Nxe5 dxe5 11. Bd2 e4 12. Qb3 e5 13. Rfd1 Kh8 14. Rac1 a6 15. c5 Qf6 16. Qc2 Bd7 17. b4 g5 18. Rf1 Qg6 19. f3 exf3 20. exf3 e4 21. Ne2 Bb5 22. Bc3 e3 23. f4 g4 24. a4 Bxe2 25. Qxe2 Rfe8 26. Rfd1 Rad8 27. Rd3 Bxc3 28. Rcxc3 Nf6 29. Rxe3 Ne4 30. Bxe4 fxe4 31. c6 Rxd5 32. cxb7 Red8 33. Rxc7 Rd1+ 34. Kf2 R1d2 35. Rc8 Rxe2+ 36. Kxe2 Qd6 37. b8Q Qd2+ 38. Kf1 Qd1+ 39. Re1 Qd3+ 40. Kg1 Qd4+ 41. Kh1 1-0

[Event "World School-ch U17 6th"]
[Site "Kayseri"]
[Date "2010.07.22"]
[Round "2"]
[White "Sagbas, Cagdas Gurkan"]
[Black "Toksoz, Levent"]
[Result "0-1"]
[WhiteElo "1782"]
[BlackElo "1895"]
[PlyCount "36"]
[EventDate "2010.07.21"]
[EventType "swiss"]
[EventRounds "9"]
[EventCountry "TUR"]
[SourceTitle "CBM 137 Extra"]
[Source "ChessBase"]
[SourceDate "2010.09.01"]
[SourceVersion "1"]
[SourceVersionDate "2010.09.01"]
[SourceQuality "1"]

1. d4 f5 2. c4 Nf6 3. Nc3 g6 4. Nf3 Bg7 5. e3 d6 6. Bd3 c6 7. 0-0 0-0 8. b3 Qc7 9. Bb2 e5 10. dxe5 dxe5 11. e4 Rd8 12. Qc2 Na6 13. a3 Nc5 14. Rad1 Rxd3 15. Rxd3 Nxd3 16. Qxd3 fxe4 17. Qe3 exf3 18. Qxf3 Bf5 0-1

[Event "World School-ch U17 6th"]
[Site "Kayseri"]
[Date "2010.07.21"]
[Round "1"]
[White "Toksoz, Levent"]
[Black "Atabayev, Yusup"]
[Result "0-1"]
[WhiteElo "1895"]
[BlackElo "2313"]
[PlyCount "57"]
[EventDate "2010.07.21"]
[EventType "swiss"]
[EventRounds "9"]
[EventCountry "TUR"]
[SourceTitle "CBM 137 Extra"]
[Source "ChessBase"]
[SourceDate "2010.09.01"]
[SourceVersion "1"]
[SourceVersionDate "2010.09.01"]
[SourceQuality "1"]

1. e4 e6 2. d4 d5 3. e5 c5 4. c3 Nc6 5. Nf3 Qb6 6. Bd3 cxd4 7. cxd4 Bd7 8. 0-0 Nxd4 9. Nxd4 Qxd4 10. Nc3 a6 11. Qe2 Ne7 12. Kh1 Nc6 13. f4 Nb4 14. Rd1 Nxd3 15. Rxd3 Qb6 16. f5 d4 17. Qf2 exf5 18. Bf4 Bc5 19. Nd5 Qc6 20. e6 Qxd5 21. exd7+ Qxd7 22. b4 Bb6 23. Re1+ Kf8 24. Qg3 Rd8 25. a4 a5 26. bxa5 Bxa5 27. Rb1 f6 28. Qf3 b6 29. Rc1 0-1

[Event "Wch U14"]
[Site "Kemer"]
[Date "2007.11.27"]
[Round "10"]
[White "Reyniers, Pieter"]
[Black "Toksoz, Levent"]
[Result "1-0"]
[WhiteElo "2025"]
[BlackElo "1911"]
[PlyCount "97"]
[EventDate "2007.11.18"]
[EventType "swiss"]
[EventRounds "11"]
[EventCountry "TUR"]
[SourceTitle "CBM 121 Extra"]
[Source "ChessBase"]
[SourceDate "2008.01.10"]
[SourceVersion "1"]
[SourceVersionDate "2008.01.10"]
[SourceQuality "1"]

1. e4 c5 2. Nf3 d6 3. d4 cxd4 4. Nxd4 Nf6 5. Nc3 g6 6. Be3 Bg7 7. f3 Nc6 8. Qd2 0-0 9. Bc4 Nd7 10. 0-0-0 Nb6 11. Bb3 Na5 12. Qe2 Nxb3+ 13. cxb3 Bd7 14. g4 Qc7 15. Kb1 a5 16. Rc1 Qd8 17. a4 Be6 18. Ncb5 Rc8 19. h4 Bd7 20. Rxc8 Nxc8 21. h5 e5 22. Nc2 Qe7 23. Qh2 g5 24. h6 Bf6 25. Nc3 Be6 26. Ka2 Qd8 27. Qd2 Be7 28. Nd5 f6 29. Na3 Rf7 30. Nc4 Bxd5 31. Qxd5 b6 32. Qa8 Kh8 33. Qb8 Rf8 34. Nxb6 Nxb6 35. Qxb6 Qa8 36. Rd1 Rb8 37. Qa7 Qxa7 38. Bxa7 Rb7 39. Be3 Bf8 40. Rd5 Bxh6 41. Rxa5 Bf8 42. Rb5 Rxb5 43. axb5 d5 44. exd5 f5 45. gxf5 e4 46. fxe4 h6 47. e5 g4 48. b6 g3 49. b7 1-0

[Event "Wch U14"]
[Site "Kemer"]
[Date "2007.11.18"]
[Round "1"]
[White "Toksoz, Levent"]
[Black "Mehar, Chinna Reddy CH"]
[Result "0-1"]
[WhiteElo "1911"]
[BlackElo "2246"]
[PlyCount "64"]
[EventDate "2007.11.18"]
[EventType "swiss"]
[EventRounds "11"]
[EventCountry "TUR"]
[SourceTitle "CBM 121 Extra"]
[Source "ChessBase"]
[SourceDate "2008.01.10"]
[SourceVersion "1"]
[SourceVersionDate "2008.01.10"]
[SourceQuality "1"]

1. e4 c5 2. Nf3 d6 3. d4 cxd4 4. Nxd4 Nf6 5. Nc3 Nc6 6. Be3 e5 7. Nb3 Be7 8. Bc4 0-0 9. f3 Be6 10. Nd5 Bxd5 11. Bxd5 Nxd5 12. Qxd5 Bh4+ 13. g3 Bg5 14. Qd2 Bxe3 15. Qxe3 a5 16. c3 a4 17. Nd2 d5 18. exd5 Qxd5 19. 0-0 f5 20. Qe2 a3 21. b4 b5 22. Nb3 e4 23. fxe4 fxe4 24. Rxf8+ Rxf8 25. Rd1 Qe5 26. Nd4 Nxd4 27. Rxd4 e3 28. Rd3 Re8 29. Rd4 Qf5 30. Rd3 Qxd3 31. Qxd3 e2 32. Qd5+ Kh8 0-1